000 00829nam a22002897a 4500
001 BR8004815
003 BR-BrBNA
005 20230928090701.0
007 ta
008 230509b bl.||||| |||| 00| 0 por d
040 _aBR-BrBNA
_bpor
_cBiblioteca Nacional de Agricultura
041 _a(Por)
072 _aF70
_b2700
_b/GZ74
_b/G514
090 _ 2700 BR8004815
100 1 _aJorge, S. da S.A.
110 1 _aFundacao Universidade Federal de Mato Grosso, Cuiaba (Brasil)
_95065
245 1 _aAlgumas plantas medicinais de Cuiaba e arredores [Mato Grosso, Brasil]
260 3 _aCuiaba, MT (Brasil):
_c1980.
300 _a68 p.
650 _aPLANTA MEDICINAL
650 _aTAXONOMIA VEGETAL
650 _aCERRADO
650 _aCUIABA
650 _aMATO GROSSO
909 _a202309
_bLucia
_c55
_dLucia Elande
942 _cBK
999 _c30015
_d30015